Chainsaw Man Special Division 4 Members - Statistics

General Stats
  • This quiz has been taken 37 times
  • The average score is 9 of 13
Answer Stats
Hint Answer % Correct
Contract with the Future Devil Aki Hayakawa
100%
Uses stolen lifespans to create weapons Angel Devil
100%
Main character Denji
100%
Blood Fiend Power
100%
The Shark Fiend Beam
93%
Partnered with previous Himeno
79%
Captain Kishibe
79%
Unknown devil contract Kobeni Higashiyama
79%
The Violence Fiend Galgali
39%
Partnered with previous Hirokazu Arai
39%
The Spider Devil Princi
39%
Survived the gun devil's assault Madoka
11%
Has an IQ of 134 Fushi
7%
No matching quizzes found
Score Distribution
Percent of People with Each Score
Percentile by Number Answered
Your Score History
You have not taken this quiz